| 000 | 00463nam a2200157 4500 | ||
|---|---|---|---|
| 001 | 138268 | ||
| 003 | ES-MaACL | ||
| 005 | 20230906195532.0 | ||
| 007 | t| | ||
| 008 | 070214s1932 cu r ||||1| spa d | ||
| 100 | 1 |
_aSánchez Veloso, A. _9102974 |
|
| 245 | 1 | 4 |
_aLos republicanos españoles en Cuba _b: datos y documentos / _cA. Sánchez Veloso. |
| 260 |
_aLa Habana : _bEd. Cultural, _c1932. |
||
| 300 |
_a135 p. ; _c22 x 15 cm. |
||
| 852 |
_aES-MaACL _j1779-F-7 |
||
| 999 |
_c138268 _d138268 |
||